Carregando...

Compensation management in a knowledge based world /

Detalhes bibliográficos
Autor principal: Handerson, Richard I
Formato: Printed Book
Publicado em: Delhi : Pearson Education Asia , 2007.
Edição:9th ed.;
Assuntos:
LEADER 00529cam a2200157ua 4500
020 |a 81-7758-317-4 
082 1 4 |a 658.4072  |b HAN-C 
100 1 |a Handerson, Richard I . 
245 1 0 |a Compensation management in a knowledge based world /  
250 |a 9th ed.; 
260 |a Delhi :   |b Pearson Education Asia ,   |c 2007. 
300 |a 690p ;  
650 0 |a Compensation managemant 
942 |c BK 
999 |c 31841  |d 31841 
952 |0 0  |1 0  |4 0  |6 658_407200000000000_HANC  |7 0  |9 40827  |a KU  |b KU  |d 2015-07-05  |l 1  |o 658.4072 HAN-C  |p MB03220  |r 2020-12-24  |s 2019-01-14  |y BK